| 000 | 00884nmc a2200301 a 4500 | ||
|---|---|---|---|
| 003 | AR-BaBNM | ||
| 005 | 20251128203354.0 | ||
| 008 | 277019s1947 ||||||||||||||000 | spa|| | ||
| 040 | _cAR-BaBNM | ||
| 100 | 0 | _aJenofonte | |
| 245 | 1 | 0 |
_aObras completas de Jenofonte _bLa ciropedia de Jenofonte _n1 ; |
| 260 |
_aMéxico, D.F. _bUniversidad Nacional Autónoma de México _c1947 |
||
| 300 | _aix, 423 p. | ||
| 490 | 0 | _aBibliotheca scriptorum graecorum et romanorum mexicana | |
| 500 | _aContiene referencias bibliográficas en p. vii | ||
| 650 | 4 | _aLITERATURA GRIEGA | |
| 650 | 4 | _aHISTORIA ANTIGUA | |
| 650 | 4 | _aFILOSOFIA | |
| 650 | 4 | _aHISTORIA MILITAR | |
| 650 | 4 | _aHISTORIA DE LA EDUCACION | |
| 651 | 4 | _aGrecia | |
| 651 | 4 | _aPersia | |
| 653 | _aNOVELA HISTORICA | ||
| 655 | _aLITERATURA | ||
| 700 | 1 |
_aFrangos, Demetrio _etraductor |
|
| 942 | _cBK | ||
| 998 | _cMARTIN | ||
| 999 |
_c3085 _d3085 |
||